Tous les Korogus nommés connus dans les jeux Zelda - Statistiques

Statistiques générales
  • Ce quiz a été pris 2 fois
  • Le résultat moyen est 2 sur 23
Statistiques - réponses
Jeu Korogu % Correct
Breath of the Wild+Tears of the Kingdom Noia
100%
Breath of the Wild+Tears of the Kingdom Papistus
50%
Breath of the Wild+Tears of the Kingdom Almus
0%
The Wind Waker Aulnus
0%
Breath of the Wild+Tears of the Kingdom Azettis
0%
The Wind Waker Betula
0%
The Wind Waker Celtis
0%
Breath of the Wild+Tears of the Kingdom Cernus
0%
Breath of the Wild+Tears of the Kingdom Coquis
0%
Breath of the Wild+Tears of the Kingdom Damia
0%
The Wind Waker Dichopsis
0%
The Wind Waker Dumoria
0%
Breath of the Wild+Tears of the Kingdom Esamus
0%
The Wind Waker Fagus
0%
Breath of the Wild+Tears of the Kingdom Glanis
0%
The Wind Waker Juglans
0%
The Wind Waker Labula
0%
Breath of the Wild+Tears of the Kingdom Makis
0%
Breath of the Wild+Tears of the Kingdom Pecanis
0%
Breath of the Wild+Tears of the Kingdom Povia
0%
The Wind Waker Stylus
0%
Breath of the Wild+Tears of the Kingdom Tainis
0%
The Wind Waker Ulmus
0%
Aucun quiz correspondant
Distribution des résultats
% des personnes avec chaque résultat
Percentile par nombre de réponses
Votre historique - résultats
Vous n’avez pas pris ce quiz